|
|
|
|
| LEADER |
00000cam a2200000 7i4500 |
| 001 |
0000001319 |
| 005 |
20151222.0 |
| 008 |
070704 |
| 020 |
|
|
|a 983852395X
|
| 020 |
|
|
|a 9838524069(set)
|
| 090 |
0 |
0 |
|a JF
|b REG MAL (1525)
|
| 100 |
0 |
|
|a Khadijah Hashim
|
| 245 |
1 |
0 |
|a Allah pencipta alam :
|b Sebaik-baik ciptaan
|c Khadijah Hashim
|
| 260 |
|
|
|a Selangor :
|b 'K' Publishing ,
|c 2004
|
| 440 |
|
0 |
|a Siri insan madani
|
| 500 |
|
|
|a Children ages 7-9 years old (orange)
|
| 650 |
|
0 |
|a Malay fiction
|
| 650 |
|
0 |
|a Short stories, Malay
|
| 999 |
|
|
|a 0000011455
|b Book
|c Children Collection
|e Cawangan Taman Universiti
|
| 999 |
|
|
|a 0000011456
|b Book
|c Children Collection
|e Cawangan Taman Universiti
|
| 999 |
|
|
|a 0000955494
|b Book
|c Children Collection
|e Cawangan Bandar Tenggara
|
| 999 |
|
|
|a 0000955495
|b Book
|c Children Collection
|e Perbadanan Perpustakaan Awam Johor
|
| 999 |
|
|
|a 0000955496
|b Book
|c Children Collection
|e Cawangan Taman Universiti
|